都市圏を構成する自治体(札幌大都市圏) - Statistics

General Stats
  • This quiz has been taken 137 times
  • The average score is 12 of 15
Answer Stats
分類 都道府県 所属 Answer % Correct
中心市 北海道 - 札幌市
99%
周辺市町村 北海道 - 小樽市
94%
周辺市町村 北海道 - 千歳市
93%
周辺市町村 北海道 - 北広島市
93%
周辺市町村 北海道 - 石狩市
92%
周辺市町村 北海道 - 恵庭市
91%
周辺市町村 北海道 - 江別市
90%
周辺市町村 北海道 - 岩見沢市
86%
周辺市町村 北海道 石狩郡 当別町
71%
周辺市町村 北海道 夕張郡 栗山町
69%
周辺市町村 北海道 石狩郡 新篠津村
63%
周辺市町村 北海道 空知郡 南幌町
61%
周辺市町村 北海道 夕張郡 由仁町
61%
周辺市町村 北海道 - 美唄市
56%
周辺市町村 北海道 夕張郡 長沼町
56%
No matching quizzes found
Score Distribution
Percent of People with Each Score
Percentile by Number Answered
Your Score History
You have not taken this quiz